| 000 | 00563nam a2200217 4500 | ||
|---|---|---|---|
| 005 | 20240914104618.0 | ||
| 008 | 240911b |||||||| |||| 00| 0 eng d | ||
| 020 |
_aX _c[n.p] |
||
| 040 | _aMAIN | ||
| 082 |
_a382.0954558 _bA59I |
||
| 100 | _aAnju Devi | ||
| 245 | _aImpact of social infrastructure on economics growth in Haryana | ||
| 260 |
_bDept. of IMSAR, M D University, Rohtak _c2023 |
||
| 300 | _a337 | ||
| 650 | _aCommerce | ||
| 650 | _aEconomic growth | ||
| 650 | _aIndia- Haryana | ||
| 700 | _aBishnoi, Sunita | ||
| 942 | _cTH | ||
| 999 |
_c356791 _d356791 |
||